000 00223nam a22000857a 4500
008 160630b xxu||||| |||| 00| 0 eng d
100 _91513
_aSaggar, S.K
245 _aPhysical Fitness for Good Health
260 _aN.D
_b Vikas
_c1995
999 _c1248
_d1248